Statistics for Monarchs of Spain

Click here to take the quiz!

General Stats

  • This quiz has been taken 423 times
  • The average score is 13 of 17

Answer Stats

ReignHouseAnswer% Correct
1556-1598HabsburgPhilip II
92%
1598-1621HabsburgPhilip III
88%
1621-1665HabsburgPhilip IV
88%
1700-1746BourbonPhilip V
88%
2014-BourbonPhilip VI
88%
1516-1556HabsburgCharles I
87%
1665-1700HabsburgCharles II
87%
1759-1788BourbonCharles III
87%
1788-1808BourbonCharles IV
87%
1975-2014BourbonJuan Carlos
82%
1746-1759BourbonFerdinand VI
70%
1808, 1813-1833BourbonFerdinand VII
70%
1873-1885BourbonAlfonso XII
63%
1885-1931BourbonAlfonso XIII
63%
1833-1868BourbonIsabella II
60%
1808-1813BonaparteJoseph
58%
1870-1873SavoyAmadeo
40%

Score Distribution

Percentile by Number Answered

Percent of People with Each Score

Your Score History

You have not taken this quiz